1138 1331 1333 1193 1467 1075 1726 1798 1234 1093 1036 1360 1445 1690 1495 1201 1031 1541 1862 1691 1070 1046 1099 1870 1963 1682 1215 1272 1065 1691 1196 1194 1425 1593 1469 1615 1050 1336 1506 1483 1169 1467 1207 1044 1701 1833 1628 1125 1763 1339 1002 1772 1615 1202 1314 1590 1850 1867 1797 1329 1647 1394 1188 1327 1238 1182 1620 1294 1061 1356 1182 1858 1003 1089 1637 1297 1579 1559 1210 1719 1552 1690 1855 1406 1481 1291 1710 1696 1874 1514 1203 1794 1501 1550 1238 1161 1169 1963 1836 BCNSPRNW ULIB Ver.6.0+V

เปลี่ยนเป็นภาษาไทย

Change to English
 แสดงรายละเอียดบรรณานุกรม
  กลับหน้าหลัก

Brief Record : Get Marc (ISO 2709) : E-mail record : QR code < ปิดหน้าต่าง
LEADER : 00000nam a2200000Ia 4500
001    13399125371
003     ULIB
008    160801s2558 th a b 000 0 tha d
020    ^a9786167902425
060 04 ^aQW50^bส775ก
100 0  ^aสุทธิรัตน์ สิทธิศักดิ์
245 10 ^aการตรวจวินิจฉัยแบคทีเรียก่อโรคที่พบบ่อย /^cสุทธิรัตน์ สิทธิศักดิ์
250    ^aพิมพ์ครั้งที่ 1
260    ^aพิษณุโลก :^bสำนักพิมพ์มหาวิทยาลัยนเรศวร,^c2558, [2015]
300    ^aก-ค, 109 หน้า :^bภาพประกอบสี ;^c27 ซม.
650  2 ^aBacteria
650  4 ^aแบคทีเรีย
650  4 ^aวิทยาแบคทีเรีย
650  4 ^aแบคทีเรีย^xการก่อโรค
945    ^p390^l0^i23973
945    ^p390^l0^i23974
945    ^p390^l0^i23975
945    ^p390^l0^i23976
945    ^p390^l0^i23977
995    ^aกัณชพร
999    ^aกัณชพร
รายการนี้ยังไม่มีแท็ก
คุณยังไม่ได้ล็อกอิน คุณสามารถมีกิจกรรมร่วมกับเว็บไซต์ได้ แต่ต้องล็อกอินก่อน ::
  ล็อกอิน

รายการสื่อสารสนเทศ

ลำดับที่ ประเภท เลขเรียก/บาร์โค้ด สถานที่ สถานะ
1. หนังสือสำรอง
หนังสือสำรอง
QW50 ส775ก ฉ.1 
  Barcode: 23973
ห้องสมุดวิทยาเขตนครสวรรค์
►ส่วนจัดเก็บหนังสือเก่า นว.
บนชั้น
  ขอยืม
2. วิทยาศาสตร์การแพทย์ และสุขภาพ
วิทยาศาสตร์การแพทย์ และสุขภาพ
QW50 ส775ก ฉ.2 
  Barcode: 23974
ห้องสมุดวิทยาเขตนครสวรรค์
►ส่วนจัดเก็บหนังสือเก่า นว.
ถูกยืม กำหนดส่งวันที่ 4 กุมภาพันธ์ 2569
  จอง
3. วิทยาศาสตร์การแพทย์ และสุขภาพ
วิทยาศาสตร์การแพทย์ และสุขภาพ
QW50 ส775ก ฉ.3 
  Barcode: 23975
ห้องสมุดวิทยาเขตนครสวรรค์
►ส่วนจัดเก็บหนังสือเก่า นว.
บนชั้น
  ขอยืม
4. วิทยาศาสตร์การแพทย์ และสุขภาพ
วิทยาศาสตร์การแพทย์ และสุขภาพ
QW50 ส775ก ฉ.4 
  Barcode: 23976
ห้องสมุดวิทยาเขตนครสวรรค์
►ส่วนจัดเก็บหนังสือเก่า นว.
บนชั้น
  ขอยืม
5. วิทยาศาสตร์การแพทย์ และสุขภาพ
วิทยาศาสตร์การแพทย์ และสุขภาพ
สถานะ=หนังสือเก่า
QW50 ส775ก ฉ.5 
  Barcode: 23977
ห้องสมุดวิทยาเขตนครสวรรค์
►ส่วนจัดเก็บหนังสือเก่า นว.
บนชั้น
  ขอยืม

รายการใกล้เคียง
    ผู้แต่ง [สุทธิรัตน์ สิทธิศักดิ์]

    หัวเรื่อง [Bacteria]
    หัวเรื่อง [แบคทีเรีย]
    หัวเรื่อง [วิทยาแบคทีเรีย]

BibComment


ยังไม่เคยถูกคอมเมนท์

คอมเมนท์ทรัพยากรรายการนี้
  คอมเมนท์: การตรวจวินิจฉัยแ..


 Copyright 2026. Bcnsprnw @Library